Statistics for Most Expensive Capital Cities

Click here to take the quiz!

General Stats

  • This quiz has been taken 15,070 times
  • The average score is 13 of 20

Answer Stats

Price Index City % Correct
222London
96%
193Paris
95%
218Washington D.C.
91%
175Tokyo
88%
224Oslo
83%
180Stockholm
81%
175Helsinki
75%
191Copenhagen
74%
214Bern
71%
185Amsterdam
71%
178Canberra
67%
192Singapore
63%
201Dublin
62%
240Reykjavik
61%
180Luxembourg
55%
185Wellington
54%
159Abu Dhabi
46%
181Doha
32%
169Jerusalem
31%
220Luanda
15%

Score Distribution

Percentile by Number Answered

Percent of People with Each Score

Your Score History

You have not taken this quiz